000
00223 a2200097 4500
001
20699
100
_a
Truscott, F W
245
_a
Philosophical essay on probabilities, A
260
_a
_b
Dover
_c
1951
090
_c
14992
_d
14992
942
_a
NUST-CAE
_c
M
_c
5549
999
_c
255772
_d
255772